000 00553nam a2200181Ia 4500
008 151018s9999 xx 000 0 und d
082 _bRBASDV17126
_a891.463
100 _aऊ ज शेळके
245 _aउमरखा कुलकर्णी
250 _b1
260 _bसरस प्रकाशन
_c1981
300 _a138
600 _aऊ ज शेळके
630 _aउमरखा कुलकर्णी
700 _aऊ ज शेळके
730 _aउमरखा कुलकर्णी
942 _cBOOK
999 _c1017810
_d1017807